|
|
|
|
| LEADER |
00000nam0a2200000 4500 |
| 001 |
153850 |
| 005 |
20231101221725.0 |
| 020 |
|
|
|a RU
|
| 035 |
|
|
|a (RuTPU)RU\TPU\book\166895
|
| 035 |
|
|
|a RU\TPU\book\140100
|
| 090 |
|
|
|a 153850
|
| 100 |
|
|
|a 20090217d1980 de y0rusy5003 ca
|
| 101 |
1 |
|
|a rus
|c eng
|
| 102 |
|
|
|a RU
|
| 105 |
|
|
|a a z 000ay
|
| 200 |
1 |
|
|a Путешествия в некоторые отдаленные страны света Лемюэля Гулливера, сначала хирурга, а потом капитана нескольких кораблей
|e роман
|e для среднего и старшего школьного возраста
|f Дж. Свифт
|g пер. с англ. Б. М. Энгельгардт ; худож. Ж. Гранвиль
|
| 210 |
|
|
|a Ленинград
|c Детская литература
|d 1980
|
| 215 |
|
|
|a 512 с.
|c ил.
|d 22 см
|
| 610 |
1 |
|
|a английская литература
|
| 610 |
1 |
|
|a приключения
|
| 610 |
1 |
|
|a детская литература
|
| 675 |
|
|
|a 82
|z rus
|v 3
|
| 700 |
|
1 |
|a Свифт
|b Дж.
|c английский писатель
|f 1667-1745
|g Джонатан
|2 stltpush
|3 (RuTPU)RU\TPU\pers\9284
|9 1839
|
| 702 |
|
1 |
|a Энгельгардт
|b Б. М.
|4 730
|
| 702 |
|
1 |
|a Гранвиль
|b Ж.
|4 440
|
| 801 |
|
0 |
|a RU
|b RuMRKP
|c 19950704
|g psbo
|
| 801 |
|
1 |
|a RU
|b 63413507
|c 20080124
|g PSBO
|
| 801 |
|
2 |
|a RU
|b 63413507
|c 20090217
|g PSBO
|
| 942 |
|
|
|c BK
|